[Event "SVK-chT2C 2122"]
[Site "Slovakia"]
[Date "2022.03.06"]
[Round "6.8"]
[White "Sedliacek, Peter"]
[Black "Gir, Patrik"]
[Result "1/2-1/2"]
[WhiteElo "1767"]
[BlackElo "1818"]
[PlyCount "89"]
[EventDate "2021.10.16"]
[EventType "team-tourn"]
[EventRounds "11"]
[EventCountry "SVK"]
[SourceTitle "EXT 2023"]
[Source "ChessBase"]
[SourceDate "2022.10.05"]
[SourceVersion "1"]
[SourceVersionDate "2022.10.05"]
[SourceQuality "1"]
[WhiteTeam "Rajecke Teplice"]
[BlackTeam "Zilina Mladost III"]
[WhiteTeamCountry "SVK"]
[BlackTeamCountry "SVK"]

1. e4 e5 2. Nc3 Nc6 3. Bc4 a6 4. a4 Nf6 5. d3 Bb4 6. Nf3 d5 7. exd5 Nxd5 8. Bd2 Bxc3 9. bxc3 0-0 10. 0-0 Bg4 11. h3 Bh5 12. g4 Bg6 13. Bxd5 Qxd5 14. c4 Qd6 15. Nh4 Qf6 16. Nxg6 Qxg6 17. f4 f5 18. Kh2 fxg4 19. Qxg4 Qxg4 20. hxg4 exf4 21. Rxf4 Rxf4 22. Bxf4 Rf8 23. Bg3 Nd4 24. Rb1 Nxc2 25. Rxb7 Rf3 26. Rxc7 Rxd3 27. Be5 Ne3 28. Rxg7+ Kf8 29. Bf6 Rd6 30. Be7+ Kxg7 31. Bxd6 Nxg4+ 32. Kg3 Ne3 33. Be5+ Kf7 34. c5 Ke8 35. Kf3 Nc4 36. Bc3 Kd7 37. Ke4 Kc6 38. Kd4 Na3 39. Bd2 h5 40. Bg5 Nc2+ 41. Kc4 Ne1 42. Kb4 Nf3 43. Bf6 h4 44. Bxh4 Nxh4 45. Ka5 1/2-1/2

[Event "SVK-chT2C 1617"]
[Site "Slovakia"]
[Date "2016.11.05"]
[Round "3.8"]
[White "Sedliacek, Peter"]
[Black "Topolovsky, Vincent"]
[Result "1-0"]
[WhiteElo "1787"]
[BlackElo "1932"]
[PlyCount "51"]
[EventDate "2016.10.08"]
[EventType "team-tourn"]
[EventRounds "11"]
[EventCountry "SVK"]
[SourceTitle "CBM 175 Extra"]
[Source "ChessBase"]
[SourceDate "2016.12.12"]
[SourceVersion "1"]
[SourceVersionDate "2016.12.12"]
[SourceQuality "1"]
[WhiteTeam "Rajecke Teplice"]
[BlackTeam "Banska Bystrica Kurta"]
[WhiteTeamCountry "SVK"]
[BlackTeamCountry "SVK"]

1. e4 c5 2. Nf3 d6 3. d4 cxd4 4. Nxd4 Nf6 5. Nc3 a6 6. Be2 e5 7. Nb3 Be6 8. 0-0 Be7 9. Bg5 Nbd7 10. f4 b5 11. a3 Rc8 12. f5 Bc4 13. Rc1 Qc7 14. Bd3 Qb7 15. Kh1 Bxb3 16. cxb3 b4 17. axb4 0-0 18. Ra1 Nb8 19. b5 axb5 20. Nxb5 Nc6 21. Nc3 Rb8 22. Bc4 Nd4 23. Be3 Rfe8 24. Bxd4 exd4 25. Qxd4 Bf8 26. Ra7 1-0

[Event "SVK-chT2C 1516"]
[Site "Slovakia"]
[Date "2016.03.12"]
[Round "10.7"]
[White "Sedlar, Jozef"]
[Black "Sedliacek, Peter"]
[Result "0-1"]
[WhiteElo "1936"]
[BlackElo "1794"]
[PlyCount "86"]
[EventDate "2015.10.17"]
[EventType "team-tourn"]
[EventRounds "11"]
[EventCountry "SVK"]
[SourceTitle "EXT 2017"]
[Source "ChessBase"]
[SourceDate "2016.10.25"]
[SourceVersion "1"]
[SourceVersionDate "2016.10.25"]
[SourceQuality "1"]
[WhiteTeam "Banska Bystrica Kurta"]
[BlackTeam "Rajecke Teplice"]
[WhiteTeamCountry "SVK"]
[BlackTeamCountry "SVK"]

1. a3 g6 2. d4 Bg7 3. c4 Nf6 4. Nc3 0-0 5. e4 d6 6. Bg5 h6 7. Bxf6 Bxf6 8. f4 e5 9. fxe5 dxe5 10. d5 Bg7 11. Nf3 Nd7 12. b4 Nf6 13. Bd3 Ne8 14. 0-0 f5 15. Rc1 f4 16. c5 g5 17. Qb3 Kh7 18. b5 g4 19. Nd2 b6 20. Rcd1 h5 21. g3 Qg5 22. cxb6 fxg3 23. Ne2 gxh2+ 24. Kxh2 Qh4+ 25. Kg1 g3 26. Nf3 Rxf3 27. Rxf3 Qh2+ 28. Kf1 Bg4 29. Bb1 g2+ 30. Ke1 g1Q+ 31. Nxg1 Qxg1+ 32. Rf1 Bxd1 33. Qc4 Qg4 34. bxc7 Bf6 35. Rxf6 Nxf6 36. d6 Bf3 37. Qf7+ Qg7 38. Qe6 Qg1+ 39. Kd2 Qd4+ 40. Bd3 Nxe4+ 41. Kc1 Qc3+ 42. Bc2 Qa1+ 43. Bb1 Qxa3+ 0-1

[Event "SVK-chT2C 1516"]
[Site "Slovakia"]
[Date "2015.12.06"]
[Round "6.8"]
[White "Slivka, David"]
[Black "Sedliacek, Peter"]
[Result "1-0"]
[WhiteElo "1570"]
[BlackElo "1794"]
[PlyCount "108"]
[EventDate "2015.10.17"]
[EventType "team-tourn"]
[EventRounds "11"]
[EventCountry "SVK"]
[SourceTitle "CBM 169 Extra"]
[Source "ChessBase"]
[SourceDate "2015.12.18"]
[SourceVersion "1"]
[SourceVersionDate "2015.12.18"]
[SourceQuality "1"]
[WhiteTeam "Cadca Caissa II"]
[BlackTeam "Rajecke Teplice"]
[WhiteTeamCountry "SVK"]
[BlackTeamCountry "SVK"]

1. e4 g6 2. d4 Bg7 3. Nf3 d6 4. Nc3 Nf6 5. Bc4 0-0 6. 0-0 c6 7. Bg5 b5 8. Bxf6 exf6 9. Nxb5 cxb5 10. Bd5 Bd7 11. Bxa8 Nc6 12. Bxc6 Bxc6 13. d5 Bd7 14. c3 f5 15. exf5 Bxf5 16. Nd4 Bd7 17. Re1 Qg5 18. Nf3 Qd8 19. Qd3 h5 20. Nd4 a6 21. Rad1 Be5 22. Qd2 Qf6 23. Nf3 Bf4 24. Qd4 Qxd4 25. Rxd4 Bh6 26. Rde4 f5 27. Re7 Rf7 28. Nd4 Bg5 29. Rxf7 Kxf7 30. Nc6 f4 31. Nd4 Bf6 32. Ne6 Be5 33. Ng5+ Kf8 34. Nh7+ Kf7 35. Ng5+ Kf6 36. Nf3 Bc8 37. Kf1 Bb7 38. Nxe5 dxe5 39. Rd1 Ke7 40. d6+ Kd7 41. f3 g5 42. h3 Bc6 43. b3 e4 44. fxe4 Bxe4 45. Re1 Bg6 46. Re5 g4 47. hxg4 hxg4 48. Rg5 Bd3+ 49. Kf2 f3 50. g3 Bb1 51. a3 Kxd6 52. Rxg4 a5 53. Kxf3 Bc2 54. Rg5 Kc6 1-0

[Event "SVK-chT2C 1314"]
[Site "Slovakia"]
[Date "2013.11.24"]
[Round "4.6"]
[White "Gajdosik, Vladislav"]
[Black "Sedliacek, Peter"]
[Result "1-0"]
[WhiteElo "2010"]
[BlackElo "1845"]
[PlyCount "87"]
[EventDate "2013.10.19"]
[EventType "team-tourn"]
[EventRounds "11"]
[EventCountry "SVK"]
[SourceTitle "EXT 2015"]
[Source "ChessBase"]
[SourceDate "2014.11.20"]
[SourceVersion "1"]
[SourceVersionDate "2014.11.20"]
[SourceQuality "1"]
[WhiteTeam "Banska Bystrica Veza"]
[BlackTeam "Rajecke Teplice"]
[WhiteTeamCountry "SVK"]
[BlackTeamCountry "SVK"]

1. d4 Nf6 2. c4 g6 3. Nc3 Bg7 4. e4 d6 5. Be2 0-0 6. Nf3 e5 7. 0-0 Nc6 8. d5 Ne7 9. Be3 Nd7 10. Nd2 f5 11. f3 f4 12. Bf2 Nf6 13. b4 g5 14. c5 Rf7 15. Nc4 Ng6 16. cxd6 cxd6 17. Nb5 Ne8 18. Bxa7 Rxa7 19. Nxa7 Bd7 20. a4 h5 21. a5 Qb8 22. Nc6 bxc6 23. dxc6 Bxc6 24. Nb6 Kh7 25. b5 Bb7 26. Nc4 d5 27. Nd2 Nd6 28. Qb1 g4 29. a6 Ba8 30. b6 dxe4 31. fxe4 f3 32. gxf3 Bh6 33. Nc4 Nf4 34. Nxd6 Nxe2+ 35. Kh1 Qxd6 36. b7 Bxb7 37. axb7 Qb8 38. Qa2 Qxb7 39. Qxe2 gxf3 40. Rxf3 Bf4 41. Rh3 Kg8 42. Rxh5 Qc6 43. Rg1+ Rg7 44. Qa2+ 1-0

[Event "SVK-chT1E 0506"]
[Site "Slovakia"]
[Date "2005.11.06"]
[Round "4"]
[White "Sedliacek, Peter"]
[Black "Krajnak, Jan"]
[Result "0-1"]
[WhiteElo "1799"]
[BlackElo "2087"]
[PlyCount "68"]
[EventDate "2005.10.15"]
[EventType "team"]
[EventRounds "11"]
[EventCountry "SVK"]
[SourceTitle "EXT 2009"]
[Source "ChessBase"]
[SourceDate "2008.11.26"]
[SourceVersion "1"]
[SourceVersionDate "2008.11.26"]
[SourceQuality "1"]

1. e4 e5 2. Nf3 Nc6 3. Bb5 Bc5 4. c3 Nf6 5. d4 exd4 6. cxd4 Bb4+ 7. Bd2 Nxe4 8. Bxb4 Nxb4 9. a3 Nd5 10. Qc2 Ndf6 11. 0-0 0-0 12. Re1 d5 13. Ne5 c5 14. dxc5 Qa5 15. Qe2 a6 16. b4 Qxb5 17. Qxb5 axb5 18. f3 Re8 19. Nd3 Ng5 20. Rxe8+ Nxe8 21. Nc3 Nc7 22. Nf4 d4 23. Ncd5 Nxd5 24. Nxd5 Bd7 25. Nb6 Rd8 26. Nxd7 Rxd7 27. Kf2 f5 28. a4 bxa4 29. Rxa4 Ne6 30. g3 d3 31. Ke1 Nd4 32. Kd1 Nxf3 33. b5 Re7 34. Kc1 Re1+ 0-1

[Event "SVK-chT2 0304"]
[Site "Slovakia"]
[Date "2004.??.??"]
[Round "8"]
[White "Sedlar, Jozef"]
[Black "Sedliacek, Peter"]
[Result "1-0"]
[WhiteElo "2105"]
[BlackElo "2090"]
[PlyCount "89"]
[EventDate "2003.10.??"]
[EventType "team"]
[EventRounds "11"]
[EventCountry "SVK"]
[SourceTitle "EXT 2006"]
[Source "ChessBase"]
[SourceDate "2005.11.24"]
[SourceVersion "1"]
[SourceVersionDate "2005.11.24"]
[SourceQuality "1"]

1. a3 c5 2. c3 Nf6 3. d4 e6 4. Bf4 d5 5. e3 Qb6 6. Qc2 Nc6 7. Nf3 c4 8. Nbd2 Be7 9. Be2 Nh5 10. Bg3 Bd7 11. e4 g6 12. 0-0 Qd8 13. b3 b5 14. Rfe1 0-0 15. Ne5 Nxg3 16. hxg3 f6 17. Nxc6 Bxc6 18. Bf3 Qc7 19. bxc4 bxc4 20. Nf1 Rab8 21. Ne3 Rfd8 22. Reb1 f5 23. Rxb8 Qxb8 24. Rb1 Qc7 25. exd5 exd5 26. a4 Bg5 27. g4 f4 28. Nf1 Rb8 29. Nd2 Be7 30. Rxb8+ Qxb8 31. Nxc4 dxc4 32. Bxc6 Qd6 33. Qe4 Kf8 34. Bb5 Qc7 35. Qd5 Qd6 36. Qxc4 f3 37. gxf3 Qf4 38. Qd3 Bd6 39. c4 Qh2+ 40. Kf1 Qh1+ 41. Ke2 Bb4 42. Qd1 Qh2 43. c5 a5 44. Qc1 Kg7 45. g5 1-0